[Event "Skakligaen 2019-20"]
[Site "Denmark"]
[Date "2019.11.23"]
[Round "1.1"]
[White "Hammer, Jon Ludvig"]
[Black "Petersen, Tom Petri"]
[Result "1-0"]
[WhiteElo "2625"]
[BlackElo "2309"]
[PlyCount "65"]
[EventDate "2019.11.23"]
[EventType "team-tourn"]
[EventRounds "9"]
[WhiteTeam "Koge"]
[BlackTeam "Nordre"]
[WhiteTeamCountry "DEN"]
[BlackTeamCountry "DEN"]

1. e4 g6 2. d4 Bg7 3. Nf3 d6 4. Be2 Nf6 5. Nc3 O-O 6. O-O c6 7. a4 a5 8. h3 Qc7
9. e5 dxe5 10. dxe5 Rd8 11. Bd3 Nd5 12. Qe2 Nxc3 13. bxc3 c5 14. Bc4 e6 15. h4
Nc6 16. Re1 h5 17. Bg5 Re8 18. Rad1 Ne7 19. Bb5 Rf8 20. c4 Nf5 21. Qe4 Rb8 22.
g4 hxg4 23. Qxg4 b6 24. h5 Nd4 25. Nxd4 cxd4 26. Bf6 Bb7 27. Rxd4 Rbd8 28. Rxd8
Rxd8 29. hxg6 Rd2 30. Be8 fxg6 31. Qxe6+ Kh8 32. Bxg6 Qc6 33. Qh3+ 1-0

[Event "Skakligaen 2019-20"]
[Site "Denmark"]
[Date "2019.11.23"]
[Round "1.2"]
[White "Sloth, Jorn"]
[Black "Banusz, Tamas"]
[Result "0-1"]
[WhiteElo "2313"]
[BlackElo "2620"]
[PlyCount "54"]
[EventDate "2019.11.23"]
[EventType "team-tourn"]
[EventRounds "9"]
[WhiteTeam "Nordre"]
[BlackTeam "Koge"]
[WhiteTeamCountry "DEN"]
[BlackTeamCountry "DEN"]

1. c4 Nf6 2. Nc3 e5 3. Nf3 Nc6 4. d4 exd4 5. Nxd4 Bb4 6. Bg5 h6 7. Bh4 Bxc3+ 8.
bxc3 Ne5 9. f3 O-O 10. e4 Ng6 11. Bg3 Nh5 12. Bf2 c6 13. c5 Re8 14. Qd2 b6 15.
Nf5 d5 16. O-O-O Bxf5 17. exf5 Ne5 18. Be2 Nf6 19. Rhe1 Ned7 20. cxb6 axb6 21.
c4 Ra4 22. cxd5 Qa8 23. Kb1 Nxd5 24. Bd3 Ne5 25. Re4 Nxd3 26. Rxe8+ Qxe8 27.
Qxd3 Rxa2 0-1

[Event "Skakligaen 2019-20"]
[Site "Denmark"]
[Date "2019.11.23"]
[Round "1.3"]
[White "Sengupta, Deep"]
[Black "Veng, Johnni"]
[Result "1-0"]
[WhiteElo "2557"]
[BlackElo "2253"]
[PlyCount "53"]
[EventDate "2019.11.23"]
[EventType "team-tourn"]
[EventRounds "9"]
[WhiteTeam "Koge"]
[BlackTeam "Nordre"]
[WhiteTeamCountry "DEN"]
[BlackTeamCountry "DEN"]

1. e4 c5 2. Nf3 g6 3. c3 Bg7 4. d4 cxd4 5. cxd4 d5 6. e5 Bg4 7. Bb5+ Nd7 8. Nc3
e6 9. h3 Bxf3 10. Qxf3 Ne7 11. O-O a6 12. Bxd7+ Qxd7 13. Bg5 Rc8 14. Rad1 O-O
15. Rd3 Kh8 16. g4 Ng8 17. Bf6 Nxf6 18. exf6 Bh6 19. h4 Rg8 20. g5 Bf8 21. h5
Bd6 22. Kh1 b5 23. Qg4 b4 24. Ne2 Rc2 25. Rh3 h6 26. hxg6 Rxg6 27. Rxh6+ 1-0

[Event "Skakligaen 2019-20"]
[Site "Denmark"]
[Date "2019.11.23"]
[Round "1.4"]
[White "Christensen, Jan Schleicher"]
[Black "Salomon, Johan"]
[Result "0-1"]
[WhiteElo "2177"]
[BlackElo "2507"]
[PlyCount "74"]
[EventDate "2019.11.23"]
[EventType "team-tourn"]
[EventRounds "9"]
[WhiteTeam "Nordre"]
[BlackTeam "Koge"]
[WhiteTeamCountry "DEN"]
[BlackTeamCountry "DEN"]

1. d4 Nf6 2. Nf3 c5 3. d5 b5 4. c3 g6 5. Bg5 Bg7 6. Bxf6 Bxf6 7. e4 a6 8. a4 b4
9. Be2 d6 10. O-O O-O 11. a5 Ra7 12. Qc2 e6 13. Nbd2 exd5 14. exd5 Re8 15. Nc4
Rae7 16. Ne3 Nd7 17. cxb4 cxb4 18. Rfd1 Nc5 19. Nd4 Bxd4 20. Rxd4 Re4 21. Rxe4
Rxe4 22. Bf3 Rd4 23. h3 h5 24. Rd1 Rxd1+ 25. Qxd1 Qxa5 26. Qd4 b3 27. Qf6 Qc7
28. g4 hxg4 29. Bxg4 Ne4 30. Qd4 f5 31. Bf3 Qc1+ 32. Nf1 Qc5 33. Qe3 a5 34.
Bxe4 Qxe3 35. Nxe3 fxe4 36. Nc4 a4 37. f3 Ba6 0-1

[Event "Skakligaen 2019-20"]
[Site "Denmark"]
[Date "2019.11.23"]
[Round "1.5"]
[White "Danielsen, Henrik"]
[Black "Klitgaard, Thomas"]
[Result "1-0"]
[WhiteElo "2497"]
[BlackElo "2173"]
[PlyCount "83"]
[EventDate "2019.11.23"]
[EventType "team-tourn"]
[EventRounds "9"]
[WhiteTeam "Koge"]
[BlackTeam "Nordre"]
[WhiteTeamCountry "DEN"]
[BlackTeamCountry "DEN"]

1. Nf3 d5 2. c4 e6 3. e3 Nf6 4. b3 c5 5. Bb2 Nc6 6. cxd5 exd5 7. Bb5 Bd6 8. O-O
Bg4 9. h3 Bh5 10. d4 cxd4 11. Qxd4 O-O 12. Bxc6 bxc6 13. Nbd2 Qe7 14. Qh4 Bg6
15. Rac1 Rac8 16. Rfe1 h6 17. Bxf6 Qxf6 18. Qxf6 gxf6 19. Nd4 Bb4 20. Red1 c5
21. Nb5 a6 22. Nc3 Rfd8 23. Ndb1 d4 24. Na4 dxe3 25. fxe3 Rxd1+ 26. Rxd1 Bxb1
27. Rxb1 Bd2 28. e4 c4 29. Rb2 Be3+ 30. Kf1 cxb3 31. axb3 Re8 32. Ke2 Rxe4 33.
Kd3 Re6 34. b4 Ba7 35. Nc5 Rc6 36. Kc4 a5 37. Ra2 Bxc5 38. bxc5 Rc8 39. Kb5 Kf8
40. c6 Rb8+ 41. Ka6 Ke7 42. c7 1-0

[Event "Skakligaen 2019-20"]
[Site "Denmark"]
[Date "2019.11.23"]
[Round "1.6"]
[White "Hoiberg, Nina"]
[Black "Smith, Axel"]
[Result "0-1"]
[WhiteElo "2187"]
[BlackElo "2465"]
[PlyCount "74"]
[EventDate "2019.11.23"]
[EventType "team-tourn"]
[EventRounds "9"]
[WhiteTeam "Nordre"]
[BlackTeam "Koge"]
[WhiteTeamCountry "DEN"]
[BlackTeamCountry "DEN"]

1. e4 c5 2. Nf3 Nc6 3. d4 cxd4 4. Nxd4 g6 5. Nc3 Bg7 6. Be3 Nf6 7. Nxc6 bxc6 8.
e5 Ng8 9. f4 Rb8 10. Bc4 d6 11. O-O Nh6 12. exd6 Qxd6 13. Qxd6 exd6 14. Bb3 Ng4
15. Bxa7 Rb7 16. Rfe1+ Kf8 17. Bf2 Nxf2 18. Kxf2 d5 19. Rad1 h5 20. Na4 Rb4 21.
g3 h4 22. c3 Rb8 23. Rd2 hxg3+ 24. hxg3 Bf5 25. Re3 Bf6 26. Kg1 Kg7 27. Bc2 d4
28. Re1 Be6 29. cxd4 Rb4 30. Nc3 Bxd4+ 31. Kg2 Rxb2 32. Rxd4 Rxc2+ 33. Ne2 Bg4
34. Re4 Ra8 35. Kf1 Raxa2 36. Nd4 Bh3+ 37. Kg1 Rg2+ 0-1

[Event "Skakligaen 2019-20"]
[Site "Denmark"]
[Date "2019.11.23"]
[Round "1.7"]
[White "Percivaldi, Martin"]
[Black "Abildlund, Jens"]
[Result "1-0"]
[WhiteElo "2384"]
[BlackElo "2187"]
[PlyCount "67"]
[EventDate "2019.11.23"]
[EventType "team-tourn"]
[EventRounds "9"]
[WhiteTeam "Koge"]
[BlackTeam "Nordre"]
[WhiteTeamCountry "DEN"]
[BlackTeamCountry "DEN"]

1. d4 Nf6 2. c4 c5 3. Nf3 g6 4. Nc3 Bg7 5. e4 cxd4 6. Nxd4 d6 7. Be2 O-O 8. Be3
Nc6 9. O-O Bd7 10. Qd2 Ng4 11. Bxg4 Bxg4 12. f3 Bd7 13. Rac1 Re8 14. Nd5 Rc8
15. Nb5 Ne5 16. b3 Bxb5 17. cxb5 Qd7 18. Bxa7 Ra8 19. Nb6 Qxb5 20. Nxa8 Rxa8
21. Be3 Nc6 22. Rc4 Rd8 23. Qd5 Qa6 24. a4 e6 25. Qb5 Qa8 26. Rd1 Rd7 27. a5 f5
28. a6 Ne5 29. a7 Nxc4 30. Qxd7 Nxe3 31. Qxe6+ Kh8 32. Rc1 Qxa7 33. Rc8+ Bf8
34. Qf6+ 1-0

[Event "Skakligaen 2019-20"]
[Site "Denmark"]
[Date "2019.11.23"]
[Round "1.1"]
[White "Hurtado, Javier Marchena"]
[Black "Thybo, Jesper Sondergaard"]
[Result "0-1"]
[WhiteElo "2356"]
[BlackElo "2574"]
[PlyCount "64"]
[EventDate "2019.11.23"]
[EventType "team-tourn"]
[EventRounds "9"]
[WhiteTeam "OBRO"]
[BlackTeam "Jetsmark"]
[WhiteTeamCountry "DEN"]
[BlackTeamCountry "DEN"]

1. e4 e5 2. Nf3 Nc6 3. Bc4 Nf6 4. d3 h6 5. O-O d6 6. c3 g5 7. Nbd2 Bg7 8. Bb3
O-O 9. Nc4 Re8 10. Ne3 Be6 11. Nd5 Bxd5 12. exd5 Ne7 13. Ba4 Nd7 14. c4 f5 15.
Nd2 Rf8 16. Re1 Nc5 17. Bc2 c6 18. dxc6 Nxc6 19. Nf1 g4 20. Rb1 a5 21. Bd2 Qh4
22. Ne3 f4 23. Nd5 f3 24. Be3 fxg2 25. Qd2 Rf5 26. Kxg2 Rh5 27. Rh1 Qh3+ 28.
Kg1 Ne6 29. d4 Nexd4 30. Be4 Nf3+ 31. Bxf3 gxf3 32. Nc7 Qg2# 0-1

[Event "Skakligaen 2019-20"]
[Site "Denmark"]
[Date "2019.11.23"]
[Round "1.2"]
[White "Rasmussen, Allan Stig"]
[Black "Nielsen, Viktor Haarmark"]
[Result "1-0"]
[WhiteElo "2559"]
[BlackElo "2268"]
[PlyCount "69"]
[EventDate "2019.11.23"]
[EventType "team-tourn"]
[EventRounds "9"]
[WhiteTeam "Jetsmark"]
[BlackTeam "OBRO"]
[WhiteTeamCountry "DEN"]
[BlackTeamCountry "DEN"]

1. d4 d5 2. c4 e6 3. Nf3 Nf6 4. e3 a6 5. b3 b6 6. Bb2 Bb7 7. Bd3 Bd6 8. Nbd2
Nbd7 9. O-O Ne4 10. Rc1 O-O 11. Qc2 f5 12. cxd5 exd5 13. Ne5 Qe7 14. Ndf3 c5
15. Nxd7 Qxd7 16. Rfd1 Qe7 17. Qe2 a5 18. Bb5 Rad8 19. Rc2 Kh8 20. Qe1 Bc7 21.
Ne5 Bxe5 22. dxe5 f4 23. f3 Ng5 24. exf4 Rxf4 25. Bc1 Rff8 26. Rf2 Ne6 27. f4
g6 28. Bd3 Ng7 29. h3 Nf5 30. g4 Ng3 31. Bb2 Qe6 32. Rfd2 c4 33. Bxc4 Rc8 34.
Qxg3 dxc4 35. Rd6 1-0

[Event "Skakligaen 2019-20"]
[Site "Denmark"]
[Date "2019.11.23"]
[Round "1.3"]
[White "Hansen, Mads Smith"]
[Black "Thogersen, Rasmus"]
[Result "1/2-1/2"]
[WhiteElo "2361"]
[BlackElo "2248"]
[PlyCount "119"]
[EventDate "2019.11.23"]
[EventType "team-tourn"]
[EventRounds "9"]
[WhiteTeam "OBRO"]
[BlackTeam "Jetsmark"]
[WhiteTeamCountry "DEN"]
[BlackTeamCountry "DEN"]

1. Nf3 c5 2. c4 Nf6 3. Nc3 d5 4. cxd5 Nxd5 5. d4 Nxc3 6. bxc3 g6 7. e3 Bg7 8.
Be2 O-O 9. O-O Nc6 10. a4 Qc7 11. Ba3 b6 12. dxc5 Rd8 13. cxb6 axb6 14. Nd4 e5
15. Nb5 Rxd1 16. Nxc7 Rxa1 17. Rxa1 Rxa4 18. Bb5 Ra7 19. Nd5 Bf8 20. Bb2 Rxa1+
21. Bxa1 Na7 22. c4 Nxb5 23. cxb5 Bc5 24. Bxe5 Be6 25. Nf6+ Kf8 26. Bd4 Ke7 27.
Ne4 Bxd4 28. exd4 Bc4 29. Nc3 g5 30. g3 h6 31. Kg2 Ke6 32. Kf3 Kf5 33. g4+ Ke6
34. Ke4 Kd6 35. f4 Ke7 36. fxg5 hxg5 37. d5 f6 38. Kd4 Bf1 39. Ke4 Bc4 40. Ke3
Bf1 41. Kd4 Kd6 42. Ne4+ Ke7 43. d6+ Ke6 44. d7 Kxd7 45. Nxf6+ Ke6 46. Nd5 Be2
47. h4 Bxb5 48. hxg5 Kf7 49. Ke5 Be2 50. Nxb6 Bxg4 51. Nc4 Kg6 52. Kf4 Be6 53.
Ne5+ Kg7 54. Ke4 Ba2 55. Kd4 Bb3 56. Kc5 Ba2 57. Kd6 Bb3 58. Ke7 Ba2 59. Kd7
Bb3 60. Kd6 1/2-1/2

[Event "Skakligaen 2019-20"]
[Site "Denmark"]
[Date "2019.11.23"]
[Round "1.4"]
[White "Heimisson, Hilmir Freyr"]
[Black "Rasmussen, Casper Dahl"]
[Result "0-1"]
[WhiteElo "2234"]
[BlackElo "2304"]
[PlyCount "168"]
[EventDate "2019.11.23"]
[EventType "team-tourn"]
[EventRounds "9"]
[WhiteTeam "Jetsmark"]
[BlackTeam "OBRO"]
[WhiteTeamCountry "DEN"]
[BlackTeamCountry "DEN"]

1. c4 c5 2. Nc3 Nc6 3. Nf3 Nf6 4. d4 cxd4 5. Nxd4 g6 6. e4 Bg7 7. Be3 O-O 8.
Be2 d6 9. O-O Bd7 10. Rc1 Nxd4 11. Bxd4 Bc6 12. Bf3 Nd7 13. Bxg7 Kxg7 14. Qd4+
Kg8 15. Rfd1 a5 16. Bg4 Ne5 17. Be2 b6 18. f4 Nd7 19. h4 h5 20. Rd3 Nc5 21. f5
e5 22. Qf2 Nxd3 23. Bxd3 Qf6 24. Qg3 Kh8 25. Rf1 Rg8 26. Qe3 g5 27. Qxb6 Rac8
28. hxg5 Rxg5 29. Rf2 h4 30. Qa6 Rgg8 31. Qb6 Rg3 32. Bf1 h3 33. Ne2 Rg4 34.
Nc3 Qh4 35. Qe3 Rcg8 36. f6 Rg3 37. Qe2 Qg5 38. Rf5 Rxg2+ 39. Bxg2 Qxg2+ 40.
Qxg2 Rxg2+ 41. Kf1 Kh7 42. Rh5+ Kg6 43. Rxh3 Rxb2 44. Rd3 Bb7 45. Rxd6 Rc2 46.
Nd5 Rxc4 47. Ne3 Rxe4 48. Ke2 Ra4 49. Rd2 Kxf6 50. Rb2 Ba6+ 51. Kf3 Bc4 52.
Ng4+ Kf5 53. Ne3+ Kf6 54. Ng4+ Kf5 55. Ne3+ Kg5 56. Rg2+ Kf6 57. a3 Ke6 58. Rb2
Bd5+ 59. Kf2 Rf4+ 60. Ke2 Bc4+ 61. Ke1 Kd6 62. Rb8 a4 63. Rd8+ Ke7 64. Ra8 Bb3
65. Ra6 Kd7 66. Kd2 Rd4+ 67. Kc3 Rd6 68. Ra8 Rc6+ 69. Kd3 Rh6 70. Ke4 f6 71.
Ra7+ Kc6 72. Kd3 Kc5 73. Ra6 e4+ 74. Kc3 Rh3 75. Kd2 Rh2+ 76. Kc1 Kd4 77. Ng4
Rc2+ 78. Kb1 f5 79. Nh6 Rf2 80. Rf6 e3 81. Nxf5+ Rxf5 82. Rxf5 e2 83. Kb2 e1=Q
84. Rf4+ Kc5 0-1

[Event "Skakligaen 2019-20"]
[Site "Denmark"]
[Date "2019.11.23"]
[Round "1.5"]
[White "Larsen, Karsten"]
[Black "Rosenkilde, Alexander"]
[Result "1-0"]
[WhiteElo "2259"]
[BlackElo "2252"]
[PlyCount "157"]
[EventDate "2019.11.23"]
[EventType "team-tourn"]
[EventRounds "9"]
[WhiteTeam "OBRO"]
[BlackTeam "Jetsmark"]
[WhiteTeamCountry "DEN"]
[BlackTeamCountry "DEN"]

1. e4 c5 2. Nf3 d6 3. Bb5+ Nd7 4. c3 Ngf6 5. Qe2 a6 6. Ba4 b5 7. Bc2 e5 8. d4
Be7 9. O-O O-O 10. Rd1 Qc7 11. d5 c4 12. Nbd2 Nc5 13. Nf1 Bd7 14. Ng3 Rfc8 15.
h3 Rab8 16. Bd2 a5 17. a3 Bd8 18. Rf1 Na6 19. Nh2 Qb6 20. Kh1 b4 21. axb4 axb4
22. f4 Ne8 23. fxe5 dxe5 24. Ng4 f6 25. Ne3 Nd6 26. Nef5 bxc3 27. Bxc3 Nxf5 28.
Nxf5 Nb4 29. Qd2 Nxc2 30. Qxc2 Ra8 31. Rae1 Qc5 32. Ng3 Ba5 33. Nh5 Bxc3 34.
Qxc3 Qe7 35. Ra1 Be8 36. Ng3 Rxa1 37. Rxa1 Bg6 38. b3 Qc5 39. Rc1 h5 40. Qxc4
Qxc4 41. bxc4 Rc5 42. Kg1 Be8 43. Nf1 g6 44. Nd2 Kf7 45. Kf2 f5 46. h4 Ke7 47.
Ke3 Ra5 48. Rc3 Ra2 49. g3 Ba4 50. c5 Bb5 51. Rb3 Ba6 52. Rb6 Ra3+ 53. Kf2 Ra2
54. Ke1 Ra1+ 55. Rb1 Ra2 56. Rb6 Ra1+ 57. Kf2 Ra2 58. Ke3 Ra3+ 59. Rb3 Ra2 60.
Rc3 f4+ 61. gxf4 exf4+ 62. Kxf4 Rxd2 63. Ke5 Bb7 64. c6 Bc8 65. Ra3 g5 66. Ra7+
Kd8 67. Kd6 gxh4 68. Rh7 Ke8 69. Rh8+ Kf7 70. Rxc8 h3 71. Ra8 h2 72. Ra1 Rg2
73. Rf1+ Ke8 74. Rh1 Rg6+ 75. Kc5 Rg2 76. e5 Ke7 77. Kb6 Re2 78. Kc7 Rxe5 79.
d6+ 1-0

[Event "Skakligaen 2019-20"]
[Site "Denmark"]
[Date "2019.11.23"]
[Round "1.6"]
[White "Jensen, Bjarke"]
[Black "Simonsen, Carsten"]
[Result "1-0"]
[WhiteElo "2328"]
[BlackElo "2232"]
[PlyCount "75"]
[EventDate "2019.11.23"]
[EventType "team-tourn"]
[EventRounds "9"]
[WhiteTeam "Jetsmark"]
[BlackTeam "OBRO"]
[WhiteTeamCountry "DEN"]
[BlackTeamCountry "DEN"]

1. e4 e5 2. Nf3 Nc6 3. Bc4 Bc5 4. O-O Nf6 5. d3 O-O 6. c3 d5 7. exd5 Nxd5 8. b4
Be7 9. Qe2 Bg4 10. a4 a6 11. Re1 Re8 12. h3 Bh5 13. Qa2 Nb6 14. Nbd2 Nxc4 15.
Qxc4 Bf8 16. Nh2 Qf6 17. Bb2 Qe6 18. b5 Nd8 19. Qxc7 Rc8 20. Qa5 Qd5 21. d4 b6
22. Qxa6 Qd7 23. Ndf3 e4 24. Ne5 Qc7 25. a5 f6 26. axb6 Qb8 27. Nd7 Qf4 28.
Qxc8 Bd6 29. Nf1 Ne6 30. b7 Ng5 31. Re3 Nf3+ 32. Rxf3 exf3 33. g3 Qf5 34. Nb6
Qc2 35. Ba3 Bb8 36. Nd7 Qf5 37. g4 Qg5 38. Re1 1-0

[Event "Skakligaen 2019-20"]
[Site "Denmark"]
[Date "2019.11.23"]
[Round "1.7"]
[White "Jorgensen, Brian Jorgen"]
[Black "Grubert, Christian"]
[Result "1/2-1/2"]
[WhiteElo "2219"]
[BlackElo "2133"]
[PlyCount "80"]
[EventDate "2019.11.23"]
[EventType "team-tourn"]
[EventRounds "9"]
[WhiteTeam "OBRO"]
[BlackTeam "Jetsmark"]
[WhiteTeamCountry "DEN"]
[BlackTeamCountry "DEN"]

1. d4 f5 2. g3 Nf6 3. Bg2 d5 4. Nf3 e6 5. O-O Bd6 6. c4 c6 7. Nc3 O-O 8. Qc2
Qe7 9. Bg5 h6 10. Bf4 Nbd7 11. Bxd6 Qxd6 12. cxd5 Nxd5 13. e4 fxe4 14. Nxe4 Qc7
15. Rfe1 N7f6 16. Nc5 Re8 17. Ne5 b6 18. Ne4 Bb7 19. Rac1 Rac8 20. f4 c5 21.
dxc5 Nxe4 22. Qxe4 bxc5 23. b4 Qd6 24. Qg6 Qe7 25. Be4 Nf6 26. Bxb7 Qxb7 27.
bxc5 Re7 28. c6 Qb6+ 29. Kg2 Nd5 30. Kh3 Qf2 31. Ng4 Qxf4 32. Rcd1 Qf7 33. Rxe6
Qxg6 34. Rxg6 Nb4 35. Rd7 Rxc6 36. Rxe7 Rxg6 37. Rxa7 Rd6 38. Ne5 Rd5 39. Nd7
Nxa2 40. Nb6 Rb5 1/2-1/2

[Event "Skakligaen 2019-20"]
[Site "Denmark"]
[Date "2019.11.23"]
[Round "1.8"]
[White "Wilbrandt, Simon Pil"]
[Black "Schou Moldt, Thomas"]
[Result "1/2-1/2"]
[WhiteElo "2097"]
[BlackElo "2173"]
[PlyCount "61"]
[EventDate "2019.11.23"]
[EventType "team-tourn"]
[EventRounds "9"]
[WhiteTeam "Jetsmark"]
[BlackTeam "OBRO"]
[WhiteTeamCountry "DEN"]
[BlackTeamCountry "DEN"]

1. d4 d6 2. c4 Nf6 3. Nf3 Nbd7 4. Nc3 e5 5. e4 Be7 6. Be2 O-O 7. Be3 c6 8. d5
c5 9. Nd2 Ne8 10. Nf1 a6 11. Qd2 Qa5 12. a4 Ndf6 13. h3 Bd7 14. Ra3 g6 15. g4
Ng7 16. Ng3 Nfe8 17. Bd3 Bh4 18. Nce2 Qd8 19. b4 b6 20. a5 f5 21. gxf5 gxf5 22.
exf5 Bxf5 23. axb6 Qxb6 24. bxc5 dxc5 25. Nxf5 Nxf5 26. Bxf5 Rxf5 27. Qc2 Qb4+
28. Rc3 Nd6 29. Rg1+ Kh8 30. Rg4 Rh5 31. Bd2 1/2-1/2

[Event "Skakligaen 2019-20"]
[Site "Denmark"]
[Date "2019.11.23"]
[Round "1.1"]
[White "Hansen, Sune Berg"]
[Black "Jacobsen, Mikkel Manosri"]
[Result "1/2-1/2"]
[WhiteElo "2574"]
[BlackElo "2330"]
[PlyCount "124"]
[EventDate "2019.11.23"]
[EventType "team-tourn"]
[EventRounds "9"]
[WhiteTeam "Hillerod"]
[BlackTeam "BMS"]
[WhiteTeamCountry "DEN"]
[BlackTeamCountry "DEN"]

1. e4 c5 2. Nf3 Nf6 3. e5 Nd5 4. g3 Nc6 5. Bg2 g6 6. O-O Bg7 7. Re1 O-O 8. d4
cxd4 9. Nxd4 Nc7 10. Nxc6 dxc6 11. Qe2 Be6 12. Nd2 Bd5 13. Ne4 b5 14. Ng5 Bxg2
15. Kxg2 Qd5+ 16. Qe4 Qxe4+ 17. Rxe4 f6 18. Nf3 f5 19. Rh4 Ne6 20. a4 a6 21.
Be3 Rfc8 22. b4 h6 23. Bxh6 Bxh6 24. Rxh6 Kg7 25. Rh4 g5 26. Nd4 gxh4 27. Nxe6+
Kf7 28. Nd4 hxg3 29. hxg3 bxa4 30. Rxa4 c5 31. Nxf5 cxb4 32. Rxb4 a5 33. Rb7
Ke6 34. g4 Kxe5 35. Nxe7 Rxc2 36. Rb5+ Ke6 37. Nf5 Rd2 38. Kf3 a4 39. Ke3 Ra2
40. Nd4+ Kd6 41. Rf5 Rb2 42. Nb5+ Kd7 43. g5 Ra5 44. Rf7+ Ke6 45. Rf6+ Ke7 46.
Nd4 a3 47. Nf5+ Kd7 48. Rf7+ Ke6 49. Rf6+ Kd5 50. g6 Ke5 51. g7 a2 52. Re6+
Kxf5 53. g8=Q Ra3+ 54. Kd4 Rd2+ 55. Kc4 Rc2+ 56. Kb4 Ra4+ 57. Kb5 Rb2+ 58. Kc5
Ra5+ 59. Kc4 Ra4+ 60. Kc5 Ra5+ 61. Kc4 Ra4+ 62. Kc5 Ra5+ 1/2-1/2

[Event "Skakligaen 2019-20"]
[Site "Denmark"]
[Date "2019.11.23"]
[Round "1.2"]
[White "Haubro, Martin"]
[Black "Schandorff, Lars"]
[Result "1/2-1/2"]
[WhiteElo "2358"]
[BlackElo "2480"]
[PlyCount "48"]
[EventDate "2019.11.23"]
[EventType "team-tourn"]
[EventRounds "9"]
[WhiteTeam "BMS"]
[BlackTeam "Hillerod"]
[WhiteTeamCountry "DEN"]
[BlackTeamCountry "DEN"]

1. e4 c6 2. d4 d5 3. e5 Bf5 4. h4 h5 5. Bd3 Bxd3 6. Qxd3 Qa5+ 7. Nd2 e6 8. Ngf3
Qa6 9. c4 Nh6 10. O-O Nf5 11. b3 Nd7 12. Bb2 Be7 13. g3 g6 14. a4 b6 15. a5
bxa5 16. Bc3 Bd8 17. b4 O-O 18. b5 cxb5 19. cxb5 Qb7 20. Bxa5 Be7 21. Rfb1 Rfc8
22. Bb4 Bxb4 23. Rxb4 a6 24. Rba4 axb5 1/2-1/2

[Event "Skakligaen 2019-20"]
[Site "Denmark"]
[Date "2019.11.23"]
[Round "1.3"]
[White "Borge, Nikolaj"]
[Black "Sahl, Bjarke"]
[Result "1-0"]
[WhiteElo "2372"]
[BlackElo "2326"]
[PlyCount "81"]
[EventDate "2019.11.23"]
[EventType "team-tourn"]
[EventRounds "9"]
[WhiteTeam "Hillerod"]
[BlackTeam "BMS"]
[WhiteTeamCountry "DEN"]
[BlackTeamCountry "DEN"]

1. e4 c5 2. Nf3 Nc6 3. d4 cxd4 4. Nxd4 Nf6 5. Nc3 e5 6. Ndb5 d6 7. Nd5 Nxd5 8.
exd5 Nb8 9. a4 Be7 10. Be3 a5 11. Na3 O-O 12. Bb5 Bd7 13. Nc4 Bxb5 14. axb5 Nd7
15. b6 a4 16. O-O h6 17. c3 Nf6 18. Rxa4 Rxa4 19. Qxa4 Nxd5 20. Rd1 Nxe3 21.
fxe3 Qc8 22. Qb5 Qg4 23. Qd5 Rc8 24. b3 Rc5 25. Qf3 Qxf3 26. gxf3 Rc6 27. e4 f6
28. Ra1 Rc8 29. Ra7 Rb8 30. Kf1 Kf7 31. Na5 Bd8 32. Rxb7+ Rxb7 33. Nxb7 Bxb6
34. Nxd6+ Ke6 35. Nc4 Ba7 36. Ke2 g6 37. Ne3 f5 38. Kd3 f4 39. Nd5 h5 40. c4 g5
41. h3 1-0

[Event "Skakligaen 2019-20"]
[Site "Denmark"]
[Date "2019.11.23"]
[Round "1.4"]
[White "Vesterli, Michael E"]
[Black "Pedersen, Steffen"]
[Result "0-1"]
[WhiteElo "2234"]
[BlackElo "2308"]
[PlyCount "122"]
[EventDate "2019.11.23"]
[EventType "team-tourn"]
[EventRounds "9"]
[WhiteTeam "BMS"]
[BlackTeam "Hillerod"]
[WhiteTeamCountry "DEN"]
[BlackTeamCountry "DEN"]

1. d4 Nf6 2. c4 e6 3. Nf3 d5 4. Bg5 Nbd7 5. e3 h6 6. Bh4 g5 7. Bg3 Ne4 8. Nbd2
Nxg3 9. hxg3 c6 10. Be2 Bg7 11. g4 Qe7 12. Qb3 Nb6 13. O-O h5 14. gxh5 Rxh5 15.
Ne5 Rh6 16. e4 dxe4 17. Nxe4 f5 18. Ng3 Bxe5 19. dxe5 Nd7 20. Qc3 Qg7 21. Rfe1
g4 22. f4 gxf3 23. Bxf3 Qe7 24. Rad1 Qc5+ 25. Qd4 Qxd4+ 26. Rxd4 Ke7 27. Kf2
Nf8 28. Nh5 Ng6 29. g4 fxg4 30. Rxg4 Bd7 31. Rg5 Rf8 32. Nf6 Nxe5 33. Ng8+ Rxg8
34. Rexe5 Rxg5 35. Rxg5 Be8 36. b4 Rh4 37. Kg3 Rh7 38. Ra5 a6 39. b5 axb5 40.
cxb5 Rg7+ 41. Kf4 cxb5 42. Bxb7 Kd6 43. Ra6+ Kc7 44. Be4 Bd7 45. Bc2 Rg2 46.
Bb3 Re2 47. Kf3 Re5 48. Kf4 Re1 49. Ra7+ Kd6 50. Bc2 Bc6 51. Rh7 Bd5 52. a3 e5+
53. Kg5 Re3 54. Rh6+ Kc5 55. Kf5 Kd4 56. Rb6 Rf3+ 57. Kg4 Rc3 58. Bg6 Rc6 59.
Rxc6 Bxc6 60. Bb1 e4 61. Kg3 e3 0-1

[Event "Skakligaen 2019-20"]
[Site "Denmark"]
[Date "2019.11.23"]
[Round "1.5"]
[White "Jaksland, Tim"]
[Black "Seegert, Kristian"]
[Result "1-0"]
[WhiteElo "2218"]
[BlackElo "2234"]
[PlyCount "81"]
[EventDate "2019.11.23"]
[EventType "team-tourn"]
[EventRounds "9"]
[WhiteTeam "Hillerod"]
[BlackTeam "BMS"]
[WhiteTeamCountry "DEN"]
[BlackTeamCountry "DEN"]

1. d4 f5 2. Bg5 Nf6 3. Bxf6 exf6 4. e3 d5 5. c4 Be6 6. Nc3 dxc4 7. d5 Bf7 8.
Bxc4 Be7 9. Nge2 O-O 10. Nd4 g6 11. h4 h5 12. Qe2 c6 13. dxc6 Nxc6 14. Nxc6
bxc6 15. O-O Qa5 16. Rfd1 Qb4 17. Bxf7+ Rxf7 18. Rd4 Qc5 19. Rad1 Rb8 20. Na4
Qb5 21. Qc2 Qa6 22. b3 Rb4 23. Rxb4 Bxb4 24. Rd4 Qb5 25. Rc4 Rc7 26. Qd3 Be7
27. Nc3 Qe5 28. g3 Kf7 29. Rd4 Qe6 30. Ne2 g5 31. Qc4 c5 32. Qxe6+ Kxe6 33. Rc4
Rd7 34. Rc2 Ke5 35. Nc3 f4 36. exf4+ gxf4 37. Kg2 fxg3 38. fxg3 Rd3 39. Ne2 Bd6
40. Nf4 Kf5 41. Nxd3 1-0

[Event "Skakligaen 2019-20"]
[Site "Denmark"]
[Date "2019.11.23"]
[Round "1.6"]
[White "Nielsen, Thomas Bach"]
[Black "Ostergaard, Jens"]
[Result "1/2-1/2"]
[WhiteElo "2119"]
[BlackElo "2228"]
[PlyCount "108"]
[EventDate "2019.11.23"]
[EventType "team-tourn"]
[EventRounds "9"]
[WhiteTeam "BMS"]
[BlackTeam "Hillerod"]
[WhiteTeamCountry "DEN"]
[BlackTeamCountry "DEN"]

1. d4 Nf6 2. c4 e6 3. Nc3 c5 4. d5 exd5 5. cxd5 d6 6. e4 g6 7. f4 Bg7 8. e5
Nfd7 9. Nb5 dxe5 10. Nd6+ Ke7 11. Nxc8+ Qxc8 12. Nf3 Re8 13. Bc4 Nb6 14. Bb5
Rd8 15. fxe5 Rxd5 16. Bd2 Kf8 17. O-O Kg8 18. Ng5 Nc6 19. Nxf7 Nxe5 20. Nxe5
Bxe5 21. Be2 Qc7 22. Bf3 Rdd8 23. Qc2 Bxh2+ 24. Kh1 Be5 25. Bg5 Rf8 26. a4 a5
27. Rae1 Kh8 28. b3 Rae8 29. Bh6 Rf5 30. Bg4 Rxf1+ 31. Rxf1 c4 32. Qf2 Qd8 33.
Rd1 Qe7 34. Be3 cxb3 35. Bxb6 Qb4 36. Bd7 Rf8 37. Qe1 Bc3 38. Qe6 b2 39. Rb1
Qh4+ 40. Kg1 Bd4+ 41. Bxd4+ Qxd4+ 42. Kh1 Rd8 43. Bb5 Qf4 44. Qe7 Rd5 45. Bd7
Qc1+ 46. Kh2 Qc7+ 47. Kg1 Qc1+ 48. Kh2 Qf4+ 49. Kh1 Rd2 50. Bg4 Rc2 51. Qe8+
Kg7 52. Qe7+ Kh6 53. Qh4+ Kg7 54. Qe7+ Qf7 1/2-1/2

[Event "Skakligaen 2019-20"]
[Site "Denmark"]
[Date "2019.11.23"]
[Round "1.7"]
[White "Nordenbaek, Jan"]
[Black "Liu, Casper Yukun"]
[Result "1-0"]
[WhiteElo "2239"]
[BlackElo "2171"]
[PlyCount "63"]
[EventDate "2019.11.23"]
[EventType "team-tourn"]
[EventRounds "9"]
[WhiteTeam "Hillerod"]
[BlackTeam "BMS"]
[WhiteTeamCountry "DEN"]
[BlackTeamCountry "DEN"]

1. e4 c5 2. Nf3 d6 3. d4 Nf6 4. Nc3 cxd4 5. Nxd4 Nc6 6. f3 e5 7. Nb3 Be6 8. Nd5
h6 9. Be3 Nb8 10. c4 Bxd5 11. cxd5 Be7 12. Bd3 O-O 13. O-O Nbd7 14. Rc1 a6 15.
Qd2 Nh5 16. g3 a5 17. a4 f5 18. exf5 Nb6 19. Qf2 Nxa4 20. Bb5 Nc5 21. Nxc5 dxc5
22. Bxc5 Rxf5 23. Bb6 Qf8 24. Bd7 Rf6 25. Be6+ Kh8 26. Qe2 Rg6 27. Rc4 Bd6 28.
Rfc1 Nf4 29. Qe4 Qf6 30. Rc8+ Rxc8 31. Rxc8+ Bf8 32. Bc5 1-0